Piłkarz, siatkarz, koszykarz czy skoczek narciarski? #6 - Statystyki

Ogólne statystyki
  • Ten quiz został rozwiązany 31 razy
  • Średni wynik to 13 z 15
Statystyki odpowiedzi
Zagadnienie Odpowiedź % Poprawnych
Który sport uprawia Robert Lewandowski? Piłka nożna
100%
Który sport uprawia Tomasz Fornal? Siatkówka
100%
Który sport uprawiał Matti Hautamäki? Skoki narciarskie
100%
Który sport uprawia Maciej Kot? Skoki narciarskie
100%
Który sport uprawia Łukasz Kaczmarek? Siatkówka
97%
Który sport uprawia Jeremy Sochan? Koszykówka
94%
Który sport uprawia Dirk Nowitzki? Koszykówka
94%
Który sport uprawia Darwin Nunez? Piłka nożna
94%
Który sport uprawia Mohamed Salah? Piłka nożna
90%
Który sport uprawia Paweł Wąsek? Skoki narciarskie
87%
Który sport uprawia Dwyane Wade? Koszykówka
84%
Który sport uprawia Rafael Leão? Piłka nożna
84%
Który sport uprawia Pau Gasol? Koszykówka
71%
Który sport uprawia Yūki Ishikawa? Siatkówka
68%
Który sport uprawia Toncek Stern? Siatkówka
45%
Nie znaleziono quizów pasujących do podanych kryteriów
Rozkład punktacji
Procent ludzi z każdym wynikiem
Percentyl według liczby udzielonych odpowiedzi
Twoja historia wyników
Nie rozwiązałeś tego quizu